| 000 | 00712nam a2200253Ia 4500 | ||
|---|---|---|---|
| 003 | OSt | ||
| 005 | 20220918214445.0 | ||
| 006 | a|||||r|||| 00| 0 | ||
| 007 | ta | ||
| 008 | 220917b |||||||| |||| 00| 0 eng d | ||
| 024 | _a137,608 | ||
| 037 | _cTextual | ||
| 040 |
_aARTS _cARTS _beng |
||
| 041 |
_2eng _aeng |
||
| 082 | _aY:1g, M3.1 | ||
| 100 |
_aLandis Dan Ed. _9131434 |
||
| 245 | 0 | _aHandbook of intercultural training | |
| 260 |
_aBrislin _bPergamon _c1983 |
||
| 490 | _aPergamon General Psychology series | ||
| 650 | _aSOCIOLOGY | ||
| 700 |
_a Brislin Richard W Ed. _984458 |
||
| 942 |
_hY:1g, M3.1 _cTEXL _2CC |
||
| 999 |
_c260688 _d260688 |
||